| 000 | 00459nam a2200133Ia 4500 | ||
|---|---|---|---|
| 008 | 250506s9999 xx 000 0 und d | ||
| 024 | _a11B-002-BS, 11B-040-BS & 11B-050-BS | ||
| 082 | _a005.072 ISM | ||
| 100 | _aMuhammad Ismail, Tahseen ullah Khan & Pardeep Kummar | ||
| 245 | 0 | _aPHP Framework GUI Support with Content Management (Code Book) | |
| 260 |
_aKarachi: _bUIT, _c2011 |
||
| 600 | _aComputer Science | ||
| 650 | _aBachelor of Computer Science (BS) | ||
| 999 |
_c27575 _d27575 |
||